000 00336nam a22001457a 4500
008 231102b ||||| |||| 00| 0 eng d
020 _a9780792352075
041 _aeng
080 _a621
082 _a621DIE
100 _a19
101 _aMEK
245 _aTHE MODAL INTERPRETATION OF QUANTUM MECHANICS
_cDIEKS .D
942 _2udc
_cBK
999 _c60492
_d60492